[Event "Mondiale Lampo FIDE 2019"]
[Site "Mosca"]
[Date "29.12.2019"]
[Round "6.85"]
[White "Rozum, Ivan"]
[Black "Hansen, Eric"]
[Result "0-1"]
[WhiteTitle "GM"]
[BlackTitle "GM"]
[WhiteElo "2573"]
[BlackElo "2606"]
[WhiteFideId "24104272"]
[BlackFideId "2606771"]
[EventDate "2019.12.29"]

1. Nf3 Nf6 2. g3 g6 3. b3 Bg7 4. Bb2 O-O 5. Bg2 d5 6. c4 c6 7. O-O Bg4 8. d4
Nbd7 9. Nc3 a6 10. h3 Bxf3 11. Bxf3 e6 12. e3 Qe7 13. Qe2 Rac8 14. Rac1 Rfd8 15.
Rfd1 h5 16. Bg2 Ne8 17. Rc2 f5 18. Rdc1 Rb8 19. Na4 Nef6 20. Bc3 Ne4 21. Ba5 Re8
22. h4 Ndf6 23. Nb2 Bh6 24. Nd3 Ng4 25. Nf4 Bxf4 26. exf4 Nexf2 27. Be1 Ne4 28.
c5 a5 29. Bxe4 fxe4 30. Bxa5 Ra8 31. Be1 Qg7 32. Qd2 Nh6 33. Bf2 Ra3 34. Kg2
Rea8 35. Rb2 Qf7 36. Qe2 Nf5 37. Rd1 Kh7 38. Be1 Qg7 39. Bf2 Qf6 40. Rdd2 Qd8
41. Rd1 Qa5 42. Rdd2 Qb4 43. Be3 Qc3 44. Kf2 Qb4 45. Rbc2 Qa5 46. Rb2 Nh6 47.
Kg2 Ng4 48. Bg1 Qc3 49. Rbc2 Qb4 50. Rb2 Nh6 51. Be3 Nf5 52. Kf2 Rf8 53. Kg2 Rf7
54. Rbc2 Qa5 55. Rb2 Qa8 56. Rbc2 Rf8 57. Rb2 Qa7 58. Rbc2 Ra8 59. Bf2 Qb8 60.
Be3 Qd8 61. Bf2 R8a7 62. Be3 b6 63. cxb6 Qxb6 64. Bf2 Rc7 65. Rc5 Ra5 66. Rdc2
Rxc5 67. Rxc5 Ra7 68. Qc2 e3 69. Rxc6 Qxd4 70. Be1 Rb7 71. a4 Qa7 72. a5 d4 73.
a6 Rd7 74. Qd3 Qa8 75. Qe4 d3 76. Qxe6 Rg7 77. Kf1 d2 78. Bxd2 exd2 79. Ke2 Nd4+ 0-1

[Event "Mondiale Lampo FIDE 2019"]
[Site "Mosca"]
[Date "29.12.2019"]
[Round "6.86"]
[White "Alekseenko, Kirill"]
[Black "Gutenev, Alexander"]
[Result "1-0"]
[WhiteTitle "GM"]
[BlackTitle "IM"]
[WhiteElo "2704"]
[BlackElo "2469"]
[WhiteFideId "4135539"]
[BlackFideId "4195540"]
[EventDate "2019.12.29"]

1. e4 c5 2. Nf3 Nc6 3. d4 cxd4 4. Nxd4 Nf6 5. Nc3 d6 6. Bc4 e6 7. Be3 a6 8. Bb3
Be7 9. O-O O-O 10. f4 Nxd4 11. Bxd4 b5 12. e5 dxe5 13. fxe5 Nd7 14. Ne4 Bb7 15.
Nd6 Bxd6 16. exd6 Qg5 17. Qe2 Kh8 18. Rad1 e5 19. Be3 Qg6 20. a4 f5 21. c3 f4
22. Bc2 Qg5 23. Bc1 Nf6 24. Rde1 Rae8 25. b3 Bc6 26. c4 bxa4 27. bxa4 h5 28. h3
h4 29. Rf2 Nh5 30. Qg4 Qxg4 31. hxg4 Ng3 32. c5 Kg8 33. Bb3+ Kh7 34. Bc2+ Kg8
35. Kh2 g5 36. Bb3+ Kh7 37. Rd2 e4 38. d7 Rd8 39. Rd6 Bxd7 40. Red1 e3 41. Bc2+
Kg8 42. Bb3+ Kh7 43. Rxd7+ Rxd7 44. Rxd7+ Kg6 45. Bb2 Re8 46. Bf7+ 1-0

[Event "Mondiale Lampo FIDE 2019"]
[Site "Mosca"]
[Date "29.12.2019"]
[Round "6.87"]
[White "Inarkiev, Ernesto"]
[Black "Makarian, Rudik"]
[Result "0-1"]
[WhiteTitle "GM"]
[BlackTitle "IM"]
[WhiteElo "2663"]
[BlackElo "2397"]
[WhiteFideId "4162722"]
[BlackFideId "44105681"]
[EventDate "2019.12.29"]

1. c4 g6 2. e4 Bg7 3. Nf3 d6 4. d4 Nf6 5. Nc3 O-O 6. Be2 e5 7. O-O Nc6 8. d5 Ne7
9. b4 a5 10. bxa5 Ne8 11. a4 c5 12. Bd2 h6 13. Ne1 f5 14. Nd3 Nf6 15. f3 f4 16.
Qb3 Ra6 17. Nd1 g5 18. N1f2 h5 19. h3 Kh8 20. Rfb1 Neg8 21. Qd1 Nh6 22. Rb5 Rf7
23. Rab1 Bf8 24. Rb6 Rxb6 25. Rxb6 Rg7 26. Bc3 g4 27. hxg4 hxg4 28. Nxe5 g3 29.
Nfd3 Kh7 30. Nxf4 dxe5 31. Bxe5 Nd7 32. Bxg7 Bxg7 33. e5 Nxb6 34. Qb1+ Bf5 35.
Bd3 Qg5 36. Bxf5+ Nxf5 37. Qe4 Nxa4 38. Ne2 Nc3 39. f4 Nxe4 40. fxg5 Nxg5 41. e6
Nd6 42. Nxg3 Bd4+ 43. Kf1 Kg6 44. Ke2 Nxc4 45. Kd3 Ne5+ 46. Kc2 Kf6 47. Ne2 Nxe6
48. dxe6 Kxe6 49. Kb3 Kd5 50. Nf4+ Ke4 51. Ne6 Kd3 52. Nd8 c4+ 53. Ka4 c3 54.
Nxb7 c2 0-1

[Event "Mondiale Lampo FIDE 2019"]
[Site "Mosca"]
[Date "29.12.2019"]
[Round "6.88"]
[White "Geller, Jakov"]
[Black "Huzman, Alexander"]
[Result "1/2-1/2"]
[WhiteTitle "GM"]
[BlackTitle "GM"]
[WhiteElo "2521"]
[BlackElo "2567"]
[WhiteFideId "4151984"]
[BlackFideId "2803828"]
[EventDate "2019.12.29"]

1. e4 e6 2. d4 d5 3. Nc3 dxe4 4. Nxe4 Nd7 5. Nf3 Ngf6 6. Bg5 h6 7. Nxf6+ Nxf6 8.
Bh4 c5 9. Bc4 cxd4 10. O-O Be7 11. Qe2 O-O 12. Rad1 Qb6 13. Nxd4 Qxb2 14. Nf5
exf5 15. Qxe7 Be6 16. Bxe6 fxe6 17. Rb1 Qxa2 18. Rxb7 Nh5 19. f4 Rae8 20. Qd7
Rc8 21. Be7 Rfe8 22. Bd6 Qd5 23. c4 Qd4+ 24. Kh1 Qf6 25. c5 a5 26. Ra7 Red8 27.
Qb7 Qg6 28. Rxa5 Nf6 29. Ra7 Re8 30. c6 Nd5 31. Be5 Nf6 32. Rd1 Rf8 33. c7 Ne4
34. Qb6 Kh7 35. Kg1 Qg4 36. Rf1 Qe2 37. Ra3 Rf7 38. Re3 Qc2 39. Qxe6 Rcxc7 40.
Bxc7 Qxc7 41. h3 Qc5 42. Rf3 Rf6 43. Qe5 Qc1+ 44. Kh2 Nd2 45. Rf2 Nf1+ 46. Rxf1
Qxf1 47. Rg3 Qc4 48. Qe7 Qf7 49. Qxf7 1/2-1/2

[Event "Mondiale Lampo FIDE 2019"]
[Site "Mosca"]
[Date "29.12.2019"]
[Round "6.89"]
[White "Gasanov, Eldar"]
[Black "Thing, Bibek"]
[Result "1-0"]
[WhiteTitle "GM"]
[BlackTitle "CM"]
[WhiteElo "2481"]
[BlackElo "2222"]
[WhiteFideId "14104466"]
[BlackFideId "12303135"]
[EventDate "2019.12.29"]

1. d4 Nf6 2. c4 e6 3. Nf3 d5 4. e3 Be7 5. b3 O-O 6. Bb2 c6 7. Bd3 Nbd7 8. O-O
Re8 9. Nbd2 Bd6 10. e4 dxe4 11. Nxe4 Nxe4 12. Bxe4 Be7 13. Qe2 c5 14. Rad1 Qc7
15. Rfe1 a6 16. Bb1 g6 17. d5 Bf6 18. d6 Qd8 19. Bxf6 Qxf6 20. Qe4 Rb8 21. h4
Rd8 22. Qg4 b6 23. Ng5 Ne5 24. Qg3 Nc6 25. Ne4 Qe5 26. f4 Qg7 27. Qg5 Bb7 28. h5
Nd4 29. h6 Qf8 30. Nf6+ Kh8 31. d7 Bc6 32. Qe5 Qxh6 33. Rd3 Qg7 1-0

[Event "Mondiale Lampo FIDE 2019"]
[Site "Mosca"]
[Date "29.12.2019"]
[Round "6.90"]
[White "Ismagambetov, Anuar"]
[Black "Sek, Konstantin"]
[Result "1-0"]
[WhiteTitle "GM"]
[WhiteElo "2528"]
[BlackElo "2446"]
[WhiteFideId "13701525"]
[BlackFideId "24104302"]
[EventDate "2019.12.29"]

1. e4 e5 2. Nf3 Nc6 3. Bb5 a6 4. Ba4 d6 5. c3 f5 6. d3 Nf6 7. Bg5 Be7 8. Nbd2
O-O 9. Qc2 Nh5 10. Bxe7 Qxe7 11. O-O-O Kh8 12. Rhe1 fxe4 13. dxe4 b5 14. Bb3 Na5
15. Rg1 Nf4 16. Kb1 Bg4 17. h3 Nxh3 18. gxh3 Bxf3 19. Rde1 Nxb3 20. axb3 Bh5 21.
Nf1 Rf4 22. Ne3 Qf7 23. Rg2 Bf3 1-0

[Event "Mondiale Lampo FIDE 2019"]
[Site "Mosca"]
[Date "29.12.2019"]
[Round "6.91"]
[White "Belousov, Danila"]
[Black "Andriasian, Zaven"]
[Result "0-1"]
[WhiteTitle "FM"]
[BlackTitle "GM"]
[WhiteElo "2274"]
[BlackElo "2611"]
[WhiteFideId "4167350"]
[BlackFideId "13302000"]
[EventDate "2019.12.29"]

1. e4 c5 2. Nf3 d6 3. d4 cxd4 4. Nxd4 Nf6 5. Nc3 a6 6. Rg1 e5 7. Nb3 h5 8. Bg5
Be7 9. Qd2 Be6 10. f4 Qb6 11. Rh1 exf4 12. Bxf4 Nc6 13. O-O-O Ne5 14. Nd4 Rc8
15. Kb1 O-O 16. Ka1 Rfe8 17. h3 Qa5 18. a3 Rxc3 19. Qxc3 Qxc3 20. bxc3 Nxe4 21.
Nxe6 fxe6 22. Bxe5 dxe5 23. Bc4 Bf6 24. Rd7 Nxc3 25. Rxb7 e4 26. Kb2 Kh7 27. Kc1
e3 28. Rf1 Kh6 29. g4 Rd8 30. Bd3 hxg4 31. hxg4 Rd4 32. Rb6 e5 33. Rc6 Nd5 34.
Rf5 Rxg4 35. Be2 Rg1+ 36. Kb2 Nf4 37. Bxa6 e2 38. Rxe5 e1=Q 0-1

[Event "Mondiale Lampo FIDE 2019"]
[Site "Mosca"]
[Date "29.12.2019"]
[Round "6.92"]
[White "Gukesh, D"]
[Black "Sutovsky, Emil"]
[Result "1-0"]
[WhiteTitle "GM"]
[BlackTitle "GM"]
[WhiteElo "2547"]
[BlackElo "2643"]
[WhiteFideId "46616543"]
[BlackFideId "2802007"]
[EventDate "2019.12.29"]

1. Nf3 Nf6 2. g3 g6 3. Bg2 Bg7 4. O-O d6 5. d4 O-O 6. Re1 Nc6 7. d5 Nb4 8. e4 a5
9. Nc3 Na6 10. e5 Ng4 11. Bf4 Bf5 12. Qd2 Nb4 13. Rac1 dxe5 14. Nxe5 Nxe5 15.
Bxe5 Bxe5 16. Rxe5 c6 17. a3 Nxd5 18. Nxd5 cxd5 19. Rxd5 Qb6 20. c4 Be6 21. Rb5
Rad8 22. Qxa5 Qd4 23. Rxb7 Qd1+ 24. Qe1 Qxe1+ 25. Rxe1 Bxc4 26. Rbxe7 Rd2 27. b4
Ra2 28. R7e3 Be6 29. b5 Rb2 30. Bc6 Rd8 31. R1e2 Rb1+ 32. Kg2 Rd4 33. h4 Bc4 34.
Rc2 Bf1+ 35. Kh2 Rdd1 36. a4 Ra1 37. Re4 Bd3 38. Re8+ Kg7 39. Rc3 Bf5 40. Re2
Rxa4 41. Rb2 Raa1 42. b6 Rab1 43. Rcb3 Rbc1 44. b7 Rxc6 45. b8=Q Rcc1 46. Qe5+
Kh6 47. Qf4+ Kg7 48. Qf3 Rf1 49. Rc3 Ra1 50. Rc7 Rae1 51. Rbb7 Kh6 52. Rxf7 1-0

[Event "Mondiale Lampo FIDE 2019"]
[Site "Mosca"]
[Date "29.12.2019"]
[Round "6.93"]
[White "Bologan, Victor"]
[Black "Makoveev, Ilya"]
[Result "1-0"]
[WhiteTitle "GM"]
[BlackTitle "FM"]
[WhiteElo "2574"]
[BlackElo "2277"]
[WhiteFideId "13900048"]
[BlackFideId "34155748"]
[EventDate "2019.12.29"]

1. e4 c5 2. Nf3 d6 3. d4 cxd4 4. Nxd4 Nf6 5. Nc3 a6 6. Be3 e5 7. Nf3 Be7 8. Bc4
O-O 9. O-O Be6 10. Qe2 Nc6 11. Rfd1 b5 12. Bb3 Nd7 13. a4 b4 14. Nd5 a5 15. h3
h6 16. Bc4 Re8 17. Bb5 Rc8 18. Nxe7+ Qxe7 19. Qd2 Nf6 20. Qxd6 Nxe4 21. Qd3 Nc5
22. Qe2 f6 23. Bxc6 Rxc6 24. Qb5 Rec8 25. Qxa5 b3 26. c3 Bf5 27. Qb4 Be6 28. a5
Qc7 29. Bxc5 Rxc5 30. a6 Rb8 31. Qa3 Ra8 32. a7 Rb5 33. Qd6 Qxd6 34. Rxd6 Kf7
35. Nd2 Rb7 36. Rda6 Ke7 37. Ne4 Bc4 38. R6a5 Rc7 39. f3 Kd8 40. Nd6 Kd7 41.
Nxc4 Rxc4 42. R1a3 Rc7 43. Kf2 Rb7 44. Ke3 Kc7 45. R5a4 Rb6 46. c4 Kb7 47. Kd3
Rd8+ 48. Kc3 Ka8 49. Rxb3 Rbd6 50. Rb8+ Rxb8 51. axb8=Q+ Kxb8 52. b4 Rd1 53. b5
Rg1 54. Ra2 f5 55. c5 e4 56. fxe4 fxe4 57. Kd4 Re1 58. Kd5 e3 59. Kc6 e2 60. b6
Rf1 61. Rxe2 Rf6+ 62. Kb5 Rf7 63. Re8+ 1-0

[Event "Mondiale Lampo FIDE 2019"]
[Site "Mosca"]
[Date "29.12.2019"]
[Round "6.94"]
[White "Blohberger, Felix"]
[Black "Moiseenko, Vadim"]
[Result "0-1"]
[WhiteTitle "IM"]
[BlackTitle "GM"]
[WhiteElo "2434"]
[BlackElo "2526"]
[WhiteFideId "1632051"]
[BlackFideId "4123700"]
[EventDate "2019.12.29"]

1. Nf3 Nf6 2. d4 c5 3. d5 b5 4. Bg5 Qb6 5. c3 g6 6. Bxf6 exf6 7. e3 d6 8. a4
bxa4 9. Qxa4+ Nd7 10. Nbd2 Be7 11. Bb5 a6 12. Bc6 Ra7 13. Nc4 Qc7 14. Qa5 Bd8
15. Qxc7 Bxc7 16. Nfd2 Ke7 17. Ke2 Nb8 18. Ra3 Nxc6 19. dxc6 d5 20. Na5 Be6 21.
Rha1 Kd6 22. h3 Rb8 23. b3 Rb5 24. c4 Rxa5 25. Rxa5 Bxa5 26. Rxa5 Kxc6 27. Kd3
Kb6 28. Ra1 Rd7 29. Kc3 h5 30. h4 Rd8 31. g3 a5 32. Rb1 d4+ 33. exd4 cxd4+ 34.
Kb2 Bf5 35. Re1 Kc5 36. Ka3 d3 37. Kb2 Kb4 38. Ra1 Bd7 39. Re1 a4 40. bxa4 Bxa4
41. Re7 Bc6 42. Rc7 Rd6 43. Rxf7 Re6 44. Rc7 Re2 45. Rxc6 Rxd2+ 46. Kc1 Rxf2 47.
c5 Kc3 0-1

[Event "Mondiale Lampo FIDE 2019"]
[Site "Mosca"]
[Date "29.12.2019"]
[Round "6.95"]
[White "Tissir, Mohamed"]
[Black "Usov, Aleksandr E."]
[Result "1-0"]
[WhiteTitle "IM"]
[WhiteElo "2379"]
[BlackElo "2012"]
[WhiteFideId "9000240"]
[BlackFideId "24257109"]
[EventDate "2019.12.29"]

1. e4 c6 2. d4 d5 3. Nc3 dxe4 4. Nxe4 Nf6 5. Nxf6+ exf6 6. c3 Bd6 7. Bd3 O-O 8.
Ne2 Re8 9. Qc2 h5 10. O-O Nd7 11. Bd2 Nf8 12. Rae1 Bg4 13. Bc1 Qc7 14. h3 Be6
15. c4 Rad8 16. b3 Qd7 17. Qc3 Ng6 18. Bb1 c5 19. dxc5 Bxc5 20. Nf4 Nxf4 21.
Bxf4 Bd6 22. Rd1 Qc7 23. Rxd6 Rxd6 24. c5 Rc8 25. Qc2 Qxc5 26. Qxc5 Rxc5 27.
Bxd6 Rd5 28. Bf4 g5 29. Be3 Rd7 30. Bc2 a6 31. Rd1 Rc7 32. Be4 f5 33. Bd3 f4 34.
Bd4 Rd7 35. Be2 Rc7 36. Bf6 g4 37. Rd8+ Kh7 38. Bd3+ 1-0

[Event "Mondiale Lampo FIDE 2019"]
[Site "Mosca"]
[Date "29.12.2019"]
[Round "6.96"]
[White "Tregubov, Pavel V."]
[Black "Luukkonen, Tommi"]
[Result "1-0"]
[WhiteTitle "GM"]
[BlackTitle "FM"]
[WhiteElo "2588"]
[BlackElo "2290"]
[WhiteFideId "4115341"]
[BlackFideId "501808"]
[EventDate "2019.12.29"]

1. e4 c5 2. Nf3 d6 3. c3 Nf6 4. Be2 Bd7 5. d3 Bc6 6. O-O g6 7. e5 dxe5 8. Nxe5
Bg7 9. Be3 Nfd7 10. Nxc6 Nxc6 11. d4 cxd4 12. cxd4 O-O 13. d5 Nb4 14. Qb3 a5 15.
Nc3 Rc8 16. a3 Na6 17. Qxb7 Nac5 18. Qb5 Rb8 19. Qc4 Rxb2 20. Bf3 Rc2 21. Rac1
Rxc1 22. Rxc1 Nb7 23. Be2 Nd6 24. Qa4 Nf5 25. Bf4 Nb6 26. Qxa5 Bxc3 27. Rxc3
Nxd5 28. Qxd8 Rxd8 29. Rd3 e6 30. g4 Nfe7 31. Bh6 f6 32. a4 Ra8 33. Ra3 Nc6 34.
Bc4 Kf7 35. Bd2 Na5 36. Bb5 e5 37. Kf1 Ke7 38. Rh3 f5 39. Rxh7+ Kd6 40. Rh6 Nb3
41. Rxg6+ Kc5 42. Bh6 fxg4 43. Rxg4 Nd4 44. Bd7 Nf6 45. Rg7 Ra7 46. Bh3 Rxa4 47.
Rc7+ Kd6 48. Rc3 Ne4 49. Rc1 Ra3 50. Bf8+ 1-0

[Event "Mondiale Lampo FIDE 2019"]
[Site "Mosca"]
[Date "29.12.2019"]
[Round "6.97"]
[White "Zarubitski, Viachaslau"]
[Black "Baron, Tal"]
[Result "0-1"]
[WhiteTitle "IM"]
[BlackTitle "GM"]
[WhiteElo "2451"]
[BlackElo "2541"]
[WhiteFideId "13509373"]
[BlackFideId "2809958"]
[EventDate "2019.12.29"]

1. e4 c5 2. Nf3 Nc6 3. Bb5 g6 4. O-O Bg7 5. c3 Nf6 6. Re1 O-O 7. h3 Qb6 8. Ba4
Rd8 9. Bc2 d5 10. e5 Ne8 11. d4 Nc7 12. a3 Ne6 13. dxc5 Nxc5 14. Nbd2 Ne4 15.
Qe2 Ng3 16. Qe3 Qxe3 17. Rxe3 Bf5 18. Ba4 Ne4 19. Nxe4 Bxe4 20. Bxc6 bxc6 21.
Nd2 Bxe5 22. f3 Bf4 23. Re1 Bd3 24. Nb3 Bd6 25. Nd4 c5 26. Nc6 Re8 27. Ne5 Ba6
28. f4 f6 29. Nf3 e5 30. fxe5 fxe5 31. Bg5 e4 32. Nd2 Bd3 33. b4 d4 34. bxc5 Bg3
35. cxd4 Bxe1 36. Rxe1 Rab8 37. Kf2 Rb2 38. Ke3 Ra2 39. d5 Rxa3 40. Kd4 Ra4+ 41.
Kc3 Re5 42. Nb3 Rc4+ 43. Kb2 Rxg5 44. d6 a5 45. Ra1 a4 46. Nd2 Rc2+ 47. Ka3 Rxd2
48. c6 Rc5 49. d7 Bb5 50. Ra2 Rd3+ 51. Kb4 Rxc6 52. Kxb5 Rcd6 53. Rxa4 e3 54.
Re4 Rxd7 55. Kc6 Kf7 56. g4 h6 57. h4 R7d4 58. Re5 Rc3+ 59. Kb5 Rxg4 60. h5 Rg5 0-1

[Event "Mondiale Lampo FIDE 2019"]
[Site "Mosca"]
[Date "29.12.2019"]
[Round "6.98"]
[White "Atabayev, Maksat"]
[Black "Al Thebaiti, Ahmed M"]
[Result "1-0"]
[WhiteTitle "GM"]
[BlackTitle "CM"]
[WhiteElo "2475"]
[BlackElo "1976"]
[WhiteFideId "14001101"]
[BlackFideId "21502390"]
[EventDate "2019.12.29"]

1. e4 e5 2. Nf3 Nc6 3. Bb5 g6 4. c3 Bg7 5. O-O a6 6. Ba4 d6 7. d3 Nf6 8. h3 h6
9. c4 O-O 10. Be3 Rb8 11. Nc3 Bd7 12. Rc1 Qe8 13. Nd5 Nxd5 14. cxd5 Nd4 15. Bxd7
Qxd7 16. Bxd4 exd4 17. Rc4 c5 18. dxc6 bxc6 19. b3 c5 20. Re1 Rfe8 21. Qc1 Kh7
22. Ra4 Qb5 23. Qc4 Qxc4 24. Rxc4 a5 25. Ra4 Rb5 26. Kf1 Ra8 27. Nd2 Rb4 28. Nc4
Rxa4 29. bxa4 Rb8 30. Ke2 Rb4 31. Kd2 Rxa4 32. a3 h5 33. Kc2 Rxc4+ 34. dxc4 Bh6
35. Rb1 1-0

[Event "Mondiale Lampo FIDE 2019"]
[Site "Mosca"]
[Date "29.12.2019"]
[Round "6.99"]
[White "Al Ghamdi, Ahmed M"]
[Black "Faizrakhmanov, Ramil"]
[Result "1-0"]
[WhiteTitle "CM"]
[BlackTitle "IM"]
[WhiteElo "2107"]
[BlackElo "2434"]
[WhiteFideId "21500150"]
[BlackFideId "24103209"]
[EventDate "2019.12.29"]

1. e4 c6 2. d4 d5 3. Nd2 dxe4 4. Nxe4 Bf5 5. Ng3 Bg6 6. h4 h6 7. Nf3 Nd7 8. h5
Bh7 9. Bd3 Bxd3 10. Qxd3 e6 11. Bd2 Ngf6 12. O-O-O Be7 13. Ne4 Nxe4 14. Qxe4 Nf6
15. Qe2 Qd5 16. Kb1 Rd8 17. Be3 Ng4 18. Bc1 O-O 19. Ne5 Nxe5 20. dxe5 Qb5 21.
Qg4 Kh8 22. f4 Rxd1 23. Rxd1 Rd8 24. Rxd8+ Bxd8 25. Qd1 Qd5 26. Qe2 Bb6 27. a3
a5 28. g4 a4 29. g5 hxg5 30. fxg5 Bd4 31. Qf1 Kg8 32. g6 Qd7 33. Qf4 b5 34.
gxf7+ Kf8 35. h6 gxh6 36. Qf3 Qxf7 37. Bxh6+ Kg8 38. Qxc6 Bxe5 39. Qxb5 Qh5 40.
Bc1 Kf7 41. Qxa4 Qd1 1-0

[Event "Mondiale Lampo FIDE 2019"]
[Site "Mosca"]
[Date "29.12.2019"]
[Round "6.100"]
[White "Gurvich, Vitaly"]
[Black "Al Nhier, Hamoud"]
[Result "1-0"]
[WhiteTitle "FM"]
[BlackTitle "FM"]
[WhiteElo "2230"]
[BlackElo "1934"]
[WhiteFideId "24164852"]
[BlackFideId "21500045"]
[EventDate "2019.12.29"]

1. d4 Nf6 2. c4 e6 3. Nf3 d5 4. g3 Nbd7 5. Bg2 Be7 6. O-O O-O 7. Nbd2 b6 8. b3
Bb7 9. Bb2 c5 10. e3 Rc8 11. Rc1 Rc7 12. Qe2 Qa8 13. cxd5 Nxd5 14. e4 N5f6 15.
Rfe1 Re8 16. d5 exd5 17. e5 Ne4 18. e6 fxe6 19. Nxe4 dxe4 20. Ne5 Nf6 21. Rcd1
Bd5 22. Nc4 Rec8 23. Be5 Rc6 24. Ne3 Rd8 25. g4 Rcc8 26. Ba1 a6 27. g5 Ne8 28.
h4 b5 29. Bh3 Rc6 30. Rd2 c4 31. bxc4 bxc4 32. Red1 Rcd6 33. Be5 R6d7 34. Nxd5
Rxd5 35. Bxe6+ 1-0

[Event "Mondiale Lampo FIDE 2019"]
[Site "Mosca"]
[Date "29.12.2019"]
[Round "6.101"]
[White "Kryakvin, Dmitry"]
[Black "Guimaraes, Diogo Duarte"]
[Result "1/2-1/2"]
[WhiteTitle "GM"]
[BlackTitle "FM"]
[WhiteElo "2596"]
[BlackElo "2322"]
[WhiteFideId "4153278"]
[BlackFideId "2112450"]
[EventDate "2019.12.29"]

1. d4 Nf6 2. Bg5 c5 3. Bxf6 gxf6 4. d5 Qb6 5. Qc1 h5 6. c4 e6 7. Nc3 f5 8. e3 h4
9. Nf3 Bg7 10. Bd3 d6 11. O-O e5 12. Bc2 h3 13. g3 Nd7 14. Bxf5 Nf6 15. Qc2 Rh5
16. Bxc8 Rxc8 17. Rab1 Qd8 18. b4 cxb4 19. Rxb4 b6 20. Qa4+ Qd7 21. Qxd7+ Nxd7
22. Nb5 Ke7 23. Nxa7 Ra8 24. Nc6+ Kf8 25. a4 e4 26. Ne1 Bc3 27. Rb3 Bxe1 28.
Rxe1 Rxa4 29. Rc1 Kg7 30. Rb2 Rh8 31. Kf1 Rha8 32. f3 Nc5 33. Rbc2 exf3 34. Kf2
Nd3+ 35. Kxf3 Nxc1 36. Rxc1 Ra2 37. Rh1 Rc2 38. Kg4 Rxc4+ 39. Nd4 Ra5 40. Kxh3
Rxd5 41. Rb1 Rdxd4 42. exd4 Rxd4 43. Rxb6 Rd2 44. g4 Kg6 45. Kg3 Rd3+ 46. Kh4 f6
47. Rb5 Rd2 48. h3 Rd3 49. Rb8 d5 50. Rd8 d4 51. Rd5 Kf7 52. Rf5 Kg6 53. Rf4 Rd1
54. Re4 d3 55. Rd4 d2 56. Rd7 Kh6 57. Rd6 Kg7 58. Rd7+ Kg6 59. Rd6 1/2-1/2

[Event "Mondiale Lampo FIDE 2019"]
[Site "Mosca"]
[Date "29.12.2019"]
[Round "6.102"]
[White "Mikhailovsky, Vladimir"]
[Black "Al Mutairi, Hassan S"]
[Result "1-0"]
[WhiteTitle "CM"]
[BlackTitle "CM"]
[WhiteElo "2209"]
[BlackElo "1883"]
[WhiteFideId "34105414"]
[BlackFideId "21500193"]
[EventDate "2019.12.29"]

1. c4 e5 2. Nc3 Nc6 3. g3 f5 4. Bg2 Nf6 5. d3 Bb4 6. Nf3 Bxc3+ 7. bxc3 d6 8. O-O
O-O 9. Rb1 Qe8 10. Nd2 f4 11. Ne4 Nxe4 12. Bxe4 Qh5 13. d4 Bh3 14. Rxb7 Bxf1 15.
Qxf1 fxg3 16. hxg3 Na5 17. Rb5 Nxc4 18. Bd5+ Kh8 19. Bxc4 exd4 20. Rxh5 1-0

[Event "Mondiale Lampo FIDE 2019"]
[Site "Mosca"]
[Date "29.12.2019"]
[Round "6.103"]
[White "Miranda Neto, Jayme Amorim"]
[Black "Masrahi, Abdulrahman A"]
[Result "1-0"]
[WhiteTitle "CM"]
[BlackTitle "CM"]
[WhiteElo "2102"]
[BlackElo "1956"]
[WhiteFideId "2115964"]
[BlackFideId "21501564"]
[EventDate "2019.12.29"]

1. d4 Nf6 2. Nf3 e6 3. e3 c5 4. Bd3 b6 5. O-O Bb7 6. Qe2 Nc6 7. c3 d6 8. Rd1 Be7
9. Nbd2 O-O 10. b3 Rc8 11. Bb2 Rc7 12. e4 cxd4 13. cxd4 Nb4 14. a3 Nxd3 15. Qxd3
Qa8 16. Re1 Rfc8 17. d5 Rc2 18. Nc4 Rxb2 19. Nxb2 exd5 20. exd5 Nxd5 21. Nc4 Bf6
22. Rad1 Nf4 23. Qf5 Bxf3 24. gxf3 Ne6 25. Nxd6 Rc3 26. Nxf7 Kxf7 27. Qxe6+ Kg6
28. Re4 h6 29. Kg2 Qf8 30. Rd7 Rc2 31. Rg4+ Kh7 32. Rf7 Qd8 33. Qf5+ Kg8 34.
Rxf6 Rxf2+ 35. Kxf2 Qd2+ 36. Kg1 Qe1+ 37. Kg2 Qe2+ 38. Kh3 Qf1+ 39. Rg2 1-0

[Event "Mondiale Lampo FIDE 2019"]
[Site "Mosca"]
[Date "29.12.2019"]
[Round "7.1"]
[White "Abdusattorov, Nodirbek"]
[Black "Artemiev, Vladislav"]
[Result "0-1"]
[WhiteTitle "GM"]
[BlackTitle "GM"]
[WhiteElo "2635"]
[BlackElo "2731"]
[WhiteFideId "14204118"]
[BlackFideId "24101605"]
[EventDate "2019.12.29"]

1. e4 c5 2. Nf3 d6 3. d4 cxd4 4. Nxd4 Nf6 5. Nc3 a6 6. g3 g6 7. Bg2 Bg7 8. O-O
O-O 9. h3 Nc6 10. Nde2 Rb8 11. Be3 b5 12. Nd5 Nd7 13. Nd4 Bb7 14. Rc1 Rc8 15.
Nxc6 Bxc6 16. Bd4 Bxd4 17. Qxd4 e5 18. Qd2 Bxd5 19. Qxd5 Nf6 20. Qd3 Qb6 21.
Rfd1 Rc6 22. c3 Rfc8 23. Bf3 h5 24. Rd2 Kg7 25. Kg2 a5 26. a3 b4 27. axb4 axb4
28. Rdc2 Nd7 29. cxb4 Rxc2 30. Rxc2 Rxc2 31. Qxc2 Qxb4 32. Be2 Qd4 33. Bc4 Nc5
34. Bd5 Nd3 35. Qe2 Nxb2 36. Qf3 Qa7 37. g4 hxg4 38. hxg4 Na4 39. Qa3 Qa6 40.
Qf3 Qa7 41. Qa3 Qd7 42. Qf3 Nc5 43. g5 Qe7 44. Kf1 Nd7 45. Qg4 Nf8 46. f4 exf4
47. Qxf4 Nh7 48. Ke2 Nxg5 49. Qe3 Qe5 0-1

[Event "Mondiale Lampo FIDE 2019"]
[Site "Mosca"]
[Date "29.12.2019"]
[Round "7.3"]
[White "Socko, Bartosz"]
[Black "Matlakov, Maxim"]
[Result "1/2-1/2"]
[WhiteTitle "GM"]
[BlackTitle "GM"]
[WhiteElo "2618"]
[BlackElo "2699"]
[WhiteFideId "1107038"]
[BlackFideId "4168003"]
[EventDate "2019.12.29"]

1. d4 Nf6 2. c4 e6 3. Nf3 d5 4. g3 Bb4+ 5. Nbd2 dxc4 6. Bg2 b5 7. O-O a5 8. a3
Be7 9. b3 cxb3 10. Qxb3 c6 11. Bb2 O-O 12. Rfd1 Bb7 13. Ne5 a4 14. Qc2 Nbd7 15.
Nxc6 Bxc6 16. Qxc6 Qa5 17. Bc3 Qa6 18. Qxa6 Rxa6 19. Rdb1 Rb8 20. Bb4 Kf8 21. e4
e5 22. Bf1 exd4 23. Bxb5 Rab6 24. Bxa4 Bxb4 25. axb4 Rxb4 26. Bxd7 Nxd7 27. Rxb4
Rxb4 28. Nf3 d3 29. Rd1 Nc5 30. Nd2 Rb2 31. f3 Rc2 32. Kf2 Ke7 33. Ke3 g6 34. h4
h5 35. Rb1 Ra2 36. Rc1 1/2-1/2

[Event "Mondiale Lampo FIDE 2019"]
[Site "Mosca"]
[Date "29.12.2019"]
[Round "7.4"]
[White "Jobava, Baadur"]
[Black "Jakovenko, Dmitry"]
[Result "1-0"]
[WhiteTitle "GM"]
[BlackTitle "GM"]
[WhiteElo "2604"]
[BlackElo "2698"]
[WhiteFideId "13601520"]
[BlackFideId "4122356"]
[EventDate "2019.12.29"]

1. b3 e5 2. Bb2 Nc6 3. Nf3 d6 4. d4 exd4 5. Nxd4 Nf6 6. Nxc6 bxc6 7. g3 d5 8.
Bg2 Bb4+ 9. c3 Be7 10. O-O O-O 11. Nd2 a5 12. c4 a4 13. Qc2 Be6 14. bxa4 Qd7 15.
Rfd1 Qc8 16. cxd5 cxd5 17. Rac1 c5 18. Bxf6 gxf6 19. e4 d4 20. Bf1 f5 21. Bd3
fxe4 22. Bxe4 h6 23. Bxa8 Qxa8 24. Re1 Qd5 25. Qb3 Qd7 26. Rxe6 fxe6 27. Re1 Kf7
28. Nc4 Qd5 29. Re5 Qc6 30. Qb5 Qc7 31. Qa6 Qd7 32. Rxc5 Kg8 33. Qc6 Qa7 34.
Qxe6+ 1-0